000 00291nam a22001337a 4500
008 170911b xxu||||| |||| 00| 0 eng d
020 _a9780618918683
041 _aeng
080 _a53
100 _a43
101 _aFIZ
245 _aTHE TROUBLE WITH PHYSICS
_cSMOLIN,L
942 _2udc
_cBK
999 _c27110
_d27110